<?xml version="1.0" encoding="UTF-8"?>
<record
    xmlns:xsi="http://www.w3.org/2001/XMLSchema-instance"
    xsi:schemaLocation="http://www.loc.gov/MARC21/slim http://www.loc.gov/standards/marcxml/schema/MARC21slim.xsd"
    xmlns="http://www.loc.gov/MARC21/slim">

  <leader>01238cam a2200265 i 4500</leader>
  <controlfield tag="001">78902</controlfield>
  <controlfield tag="003">BD-RjUL</controlfield>
  <controlfield tag="005">20220302120815.0</controlfield>
  <controlfield tag="008">211127s1977    sy h     b    001 0cara d</controlfield>
  <datafield tag="035" ind1=" " ind2=" ">
    <subfield code="a">BD-RjUL)</subfield>
  </datafield>
  <datafield tag="040" ind1=" " ind2=" ">
    <subfield code="a">IUL</subfield>
    <subfield code="b">eng</subfield>
    <subfield code="c">IUL</subfield>
    <subfield code="e">rda</subfield>
    <subfield code="d">OCLCF</subfield>
    <subfield code="d">MEAUC</subfield>
    <subfield code="d">ZCU</subfield>
    <subfield code="d">OCLCQ</subfield>
    <subfield code="d">OCL</subfield>
    <subfield code="d">DLC</subfield>
  </datafield>
  <datafield tag="041" ind1=" " ind2=" ">
    <subfield code="a">ara</subfield>
  </datafield>
  <datafield tag="100" ind1="0" ind2=" ">
    <subfield code="a">&#x633;&#x64A;&#x648;&#x637;&#x64A;&#x60C;,;; Suy&#x16B;&#x1E6D;&#x12B;,</subfield>
    <subfield code="d">1445-1505,</subfield>
    <subfield code="e">author.</subfield>
    <subfield code="9">245556</subfield>
  </datafield>
  <datafield tag="245" ind1="1" ind2="0">
    <subfield code="a">&#x646;&#x638;&#x645; &#x627;&#x644;&#x639;&#x642;&#x64A;&#x627;&#x646; &#x641;&#x64A; &#x623;&#x639;&#x64A;&#x627;&#x646; &#x627;&#x644;&#x623;&#x639;&#x64A;&#x627;&#x646; = As-Suyuti's Who's Who : in the fifteenth century ;;  Na&#x1E93;m ul-i'qy&#x101;n f&#x12B; a&#x2BB;y&#x101;n -il-a&#x2BB;y&#x101;n /</subfield>
    <subfield code="c">&#x62C;&#x644;&#x627;&#x644; &#x627;&#x644;&#x62F;&#x64A;&#x646; &#x627;&#x644;&#x633;&#x64A;&#x648;&#x637;&#x64A; &#x61B; &#x62A;&#x62D;&#x642;&#x64A;&#x642; &#x639;&#x627;&#x631;&#x641; &#x627;&#x62D;&#x645;&#x62F; &#x639;&#x628;&#x62F; &#x627;&#x644;&#x63A;&#x646;&#x64A;.;; Jal&#x101;l al-D&#x12B;n al-Suy&#x16B;&#x1E6D;&#x12B; ; ta&#x1E25;q&#x12B;q &#x2BB;&#x100;rif A&#x1E25;mad &#x2BB;Abd al-Ghan&#x12B;.</subfield>
  </datafield>
  <datafield tag="250" ind1=" " ind2=" ">
    <subfield code="a">al-&#x1E6C;ab&#x2BB;ah al-&#x16B;l&#xE1;.</subfield>
  </datafield>
  <datafield tag="264" ind1=" " ind2="1">
    <subfield code="a">Dimashq :&#x62F;&#x645;&#x634;&#x642; :</subfield>
    <subfield code="b">D&#x101;r Sa&#x2BB;d al-D&#x12B;n lil-&#x1E6C;ib&#x101;&#x2BB;ah wa-al-Nashr wa-al-Tawz&#x12B;&#x2BB;,</subfield>
    <subfield code="c">1927</subfield>
  </datafield>
  <datafield tag="264" ind1=" " ind2="1">
    <subfield code="a">Newyork :</subfield>
    <subfield code="b"> Syrian-American press, </subfield>
    <subfield code="c">1927</subfield>
  </datafield>
  <datafield tag="300" ind1=" " ind2=" ">
    <subfield code="a">292 pages :</subfield>
    <subfield code="b">facsimiles ;</subfield>
    <subfield code="c">25 cm</subfield>
  </datafield>
  <datafield tag="504" ind1=" " ind2=" ">
    <subfield code="a">Includes bibliographical references and indexes.</subfield>
  </datafield>
  <datafield tag="650" ind1=" " ind2="0">
    <subfield code="a">Muslims</subfield>
    <subfield code="v">Biography.</subfield>
    <subfield code="9">250648</subfield>
  </datafield>
  <datafield tag="651" ind1=" " ind2="0">
    <subfield code="a">Islamic Empire</subfield>
    <subfield code="v">Biography</subfield>
    <subfield code="v">Early works to 1800.</subfield>
    <subfield code="9">250649</subfield>
  </datafield>
  <datafield tag="700" ind1="1" ind2=" ">
    <subfield code="a">&#x2BB;Abd al-Ghan&#x12B;, &#x2BB;&#x100;rif,</subfield>
    <subfield code="e">editor.</subfield>
    <subfield code="9">1628</subfield>
  </datafield>
  <datafield tag="942" ind1=" " ind2=" ">
    <subfield code="2">ddc</subfield>
    <subfield code="c">BK</subfield>
  </datafield>
  <datafield tag="999" ind1=" " ind2=" ">
    <subfield code="c">78902</subfield>
    <subfield code="d">78902</subfield>
  </datafield>
  <datafield tag="952" ind1=" " ind2=" ">
    <subfield code="0">0</subfield>
    <subfield code="1">0</subfield>
    <subfield code="2">ddc</subfield>
    <subfield code="4">0</subfield>
    <subfield code="7">1</subfield>
    <subfield code="8">NFIC</subfield>
    <subfield code="a">RUCL</subfield>
    <subfield code="b">RUCL</subfield>
    <subfield code="c">Reading</subfield>
    <subfield code="d">2021-11-27</subfield>
    <subfield code="l">0</subfield>
    <subfield code="o">A 297.092 SUN 1926</subfield>
    <subfield code="r">2021-11-27 00:00:00</subfield>
    <subfield code="t">C-1</subfield>
    <subfield code="w">2021-11-27</subfield>
    <subfield code="y">BK</subfield>
  </datafield>
  <datafield tag="952" ind1=" " ind2=" ">
    <subfield code="0">0</subfield>
    <subfield code="1">0</subfield>
    <subfield code="2">ddc</subfield>
    <subfield code="4">0</subfield>
    <subfield code="7">0</subfield>
    <subfield code="8">NFIC</subfield>
    <subfield code="a">RUCL</subfield>
    <subfield code="b">RUCL</subfield>
    <subfield code="c">GEN</subfield>
    <subfield code="d">1964-01-22</subfield>
    <subfield code="e">Zeitlinger</subfield>
    <subfield code="l">0</subfield>
    <subfield code="o">A 297.092 SUN 1926</subfield>
    <subfield code="r">2022-03-02 00:00:00</subfield>
    <subfield code="t">C-2</subfield>
    <subfield code="w">2022-03-02</subfield>
    <subfield code="y">BK</subfield>
  </datafield>
</record>
